000 00596nam a2200193Ii 4500
003 JO-AjNU
008 230605s9999||||xx |||||||||||||| ||und||
040 _aJO-AjNU
_bara
_erda
_cJO-AjNU
041 _aara
050 1 4 _aQD261 1986
100 3 _aالخيمي ، اصلاح,
_eauthor
_915216
245 0 0 _aتجارب في التحليل الكمي
264 3 1 _aدمشق :المطبعة التعاونيه ، 1986
300 _a296ص
336 _atext
_btxt
_2rdacontent
337 _aunmediated
_bn
_2rdamedia
338 _avolume
_bnc
_2rdacarrier
650 4 _aكيمياء-تجارب
_915217
999 _aA4244
_c7812
_d7812